[Event "Steinfurt Bezirksklasse 0405"]
[Site "Germany"]
[Date "2004.12.04"]
[Round "5.5"]
[White "Poggemann, Reinhard"]
[Black "Schreck, Uwe"]
[Result "1/2-1/2"]
[WhiteElo "1377"]
[BlackElo "1390"]
[PlyCount "81"]
[EventDate "2004.09.18"]
[EventType "team-tourn"]
[EventRounds "11"]
[EventCountry "GER"]
[SourceTitle "EXT 2006"]
[Source "ChessBase"]
[SourceDate "2005.11.24"]
[SourceVersion "1"]
[SourceVersionDate "2005.11.24"]
[SourceQuality "1"]
[WhiteTeam "Emsdetten Rochade IV"]
[BlackTeam "Ibbenbueren III"]
[WhiteTeamCountry "GER"]
[BlackTeamCountry "GER"]

1. e4 e5 2. Nf3 Nc6 3. Bc4 Bc5 4. c3 h6 5. d4 exd4 6. cxd4 Bb4+ 7. Bd2 Bxd2+ 8. Qxd2 d6 9. Qf4 Qe7 10. Nc3 g5 11. Qe3 Nf6 12. h3 Bd7 13. a3 g4 14. hxg4 Nxg4 15. Qf4 Qf6 16. Qxf6 Nxf6 17. 0-0-0 Bg4 18. Rhe1 0-0 19. Be2 Rae8 20. Nh4 Bxe2 21. Rxe2 a6 22. Nf5 Ne7 23. Nxh6+ Kg7 24. Nf5+ Nxf5 25. exf5 Rxe2 26. Nxe2 Ng4 27. f3 Ne3 28. Re1 Nxf5 29. g4 Nh4 30. Ng1 f5 31. gxf5 Rxf5 32. Re7+ Rf7 33. Rxf7+ Kxf7 34. f4 Kf6 35. Kd2 Kf5 36. Ne2 Ke4 37. Kc3 Ng6 38. f5 Kxf5 39. Ng3+ Kf4 40. Nh5+ Kf5 41. Ng7+ 1/2-1/2

[Event "Steinfurt Bezirksklasse 0304"]
[Site "Germany"]
[Date "2004.04.24"]
[Round "9.3"]
[White "Heitmann, Andreas"]
[Black "Poggemann, Reinhard"]
[Result "1-0"]
[WhiteElo "1467"]
[BlackElo "1399"]
[PlyCount "41"]
[EventDate "2003.09.27"]
[EventType "team-tourn"]
[EventRounds "11"]
[EventCountry "GER"]
[SourceTitle "EXT 2005"]
[Source "ChessBase"]
[SourceDate "2004.11.15"]
[SourceVersion "1"]
[SourceVersionDate "2004.11.15"]
[SourceQuality "1"]
[WhiteTeam "Nordwalde II"]
[BlackTeam "Emsdetten Rochade IV"]
[WhiteTeamCountry "GER"]
[BlackTeamCountry "GER"]

1. e4 e5 2. Nf3 Nc6 3. Bc4 Bc5 4. c3 h6 5. d4 exd4 6. cxd4 Bb4+ 7. Bd2 Bxd2+ 8. Nbxd2 d6 9. Qb3 f6 10. Bxg8 Qe7 11. 0-0 Kf8 12. Bd5 Nd8 13. Rfe1 c6 14. Bc4 b5 15. Bd3 a6 16. a4 Rb8 17. axb5 axb5 18. Ra5 Bg4 19. d5 Bxf3 20. Nxf3 Qc7 21. dxc6 1-0